000 00267nam a22001217a 4500
008 181012b xxu||||| |||| 00| 0 eng d
041 _aeng
080 _24th
_a611
100 _a7
101 _aANA
245 _aContact Lens Practice
_cMandell,R.B
942 _2udc
_cBK
999 _c49477
_d49477